000 00211 a2200097 4500
001 46695
100 _aGurney G
245 _aGreat air battles
260 _aNew York
_bFranklin watts
_c
090 _c29792
_d29792
942 _aNUST-CAE
_cM
_c21993
999 _c281768
_d281768